| 000 | 00909nam a2200241 a 4500 | ||
|---|---|---|---|
| 003 | CBULib | ||
| 005 | 20240422080912.0 | ||
| 008 | 220915s2021 ||||||||||||||||| || u | ||
| 040 |
_aCBULib _bEnglish _cCBULib _erda |
||
| 041 | _aeng | ||
| 050 | _aUNCTAD(058)DERO/2021 | ||
| 110 | _aUnited Nations Conference on Trade and Development (UNCTAD) | ||
| 245 | 1 | 0 |
_aDigital economy report 2021 : cross-border data flows and development : for whom the data flow : overview _c/ by United Nations Conference on Trade and Development(UNCTAD) |
| 260 |
_aGeneva : _bUnited Nations, _c2021 |
||
| 300 | _avi, 12 pages | ||
| 336 |
_2rdacontent _aText | _btxt |
||
| 337 |
_2rdamedia _aUnmediated | _bn |
||
| 338 |
_2rdacarrier _aVolume _bnc |
||
| 650 | 0 | _aELECTRONIC COMMERCE | |
| 650 | _aELECTRONIC COMMERCE--DEVELOPING COUNTRIES | ||
| 942 |
_2mc _c029 |
||
| 999 |
_c40168 _d40168 |
||